Essai sur la formation de la pensée grecque
Gardado en:
| Autor Principal: | |
|---|---|
| Formato: | Libro |
| Idioma: | francés |
| Publicado: |
París
Presses Universitaires de France
1949
|
| Edición: | 2a. ed |
| Series: | Bibliotheque de Philosophie Contemporaine
|
| Subjects: | |
| Tags: |
Engadir etiqueta
Sen Etiquetas, Sexa o primeiro en etiquetar este rexistro!
|
MARC
| LEADER | 00000nam a2200000 a 4500 | ||
|---|---|---|---|
| 001 | UCT4151 | ||
| 003 | CL-VaPUC | ||
| 008 | 961108e19490000FR |||||||||||||||||fre|d | ||
| 082 | 0 | 4 | |a 182 |b SCH |2 21 |
| 100 | 0 | |a Schuhl, Pierre-Maxime |e author |9 373317 | |
| 245 | 1 | 0 | |a Essai sur la formation de la pensée grecque |
| 250 | |a 2a. ed | ||
| 300 | |a 482 p | ||
| 942 | |c BK | ||
| 945 | |d 19961108 00:00:00 |a rleighto | ||
| 260 | |a París |b Presses Universitaires de France |c 1949 | ||
| 650 | 0 | |a Filosofía griega |9 265579 | |
| 650 | 0 | |a Filosofía antigua |9 255705 | |
| 650 | 7 | |a PENSAMIENTO ANTIGUO |2 CL-VaPUC |9 373318 | |
| 650 | 0 | |a Religión |9 255164 | |
| 650 | 0 | |a Misticismo |9 265505 | |
| 650 | 0 | |a Ciencia |9 255691 | |
| 583 | |a last modification |c 19961108 00:00:00 |k Rodrigo Vera | ||
| 490 | 0 | |a Bibliotheque de Philosophie Contemporaine | |
| 999 | |c 253572 |d 253570 | ||
| 952 | |0 0 |1 0 |4 0 |6 182_000000000000000_SCH_1949 |7 0 |8 P |9 274490 |a BIBEDU |b BIBEDU |c BIBEDU_PB |d 2019-11-19 |i 3241610 |o 182 SCH 1949 |p 3241610 |r 2024-01-25 |w 2019-11-19 |y BK |k EDU | ||